000 00293nam a2200133 a 4500
005 20140513081051.0
008 030203s19uu xx 00 eng d
020 _a1-919336-19-0
050 _aP 551.6
_bWEA 2000
245 _aWeather.
300 _aPoster
999 _c116355
_d116355